<?xml version="1.0" encoding="UTF-8"?>
<record
    xmlns:xsi="http://www.w3.org/2001/XMLSchema-instance"
    xsi:schemaLocation="http://www.loc.gov/MARC21/slim http://www.loc.gov/standards/marcxml/schema/MARC21slim.xsd"
    xmlns="http://www.loc.gov/MARC21/slim">

  <leader>04340nam a2200229Ia 4500</leader>
  <controlfield tag="008">120625s2004    mx            000 0 spa d</controlfield>
  <datafield tag="020" ind1=" " ind2=" ">
    <subfield code="a">9700744590</subfield>
  </datafield>
  <datafield tag="050" ind1=" " ind2="4">
    <subfield code="a">KB425</subfield>
    <subfield code="b"> D67 2004</subfield>
  </datafield>
  <datafield tag="100" ind1="1" ind2=" ">
    <subfield code="a">Dorantes Tamayo, Luis</subfield>
    <subfield code="e">, autor.</subfield>
    <subfield code="9">41873</subfield>
  </datafield>
  <datafield tag="245" ind1="1" ind2="0">
    <subfield code="a">Teor&#xED;a del proceso </subfield>
    <subfield code="c">/ Luis Dorantes Tamayo.</subfield>
  </datafield>
  <datafield tag="250" ind1=" " ind2=" ">
    <subfield code="a">9a. ed.</subfield>
  </datafield>
  <datafield tag="260" ind1="3" ind2=" ">
    <subfield code="a">M&#xE9;xico </subfield>
    <subfield code="b">: Porr&#xFA;a</subfield>
    <subfield code="c">, 2004.</subfield>
  </datafield>
  <datafield tag="300" ind1=" " ind2=" ">
    <subfield code="a">425 p&#xE1;ginas.</subfield>
  </datafield>
  <datafield tag="336" ind1=" " ind2=" ">
    <subfield code="a">Texto </subfield>
  </datafield>
  <datafield tag="337" ind1=" " ind2=" ">
    <subfield code="a">Sin medio</subfield>
  </datafield>
  <datafield tag="338" ind1=" " ind2=" ">
    <subfield code="a">Volumen</subfield>
  </datafield>
  <datafield tag="504" ind1=" " ind2=" ">
    <subfield code="a">Incluye bibliograf&#xED;a (pp. 405-410)</subfield>
  </datafield>
  <datafield tag="505" ind1="1" ind2=" ">
    <subfield code="a">* Introducci&#xF3;n
Concepto de teor&#xED;a general del proceso, pr&#xE1;ctica forense
En defensa del estudiio te&#xF3;rico del derecho procesal
Evoluci&#xF3;n de la doctrina procesal
El problema relativo a la diversidad o la unidad del derecho
Elementos comunes

Primera parte: La acci&#xF3;n
*La teor&#xED;a tradicional o cl&#xE1;sica de la acci&#xF3;n procesa
La acci&#xF3;n en el derecho romano
Tesis de Savigny
Tesis de  Demolombe
Tesis de Garsonnet y G&#xE9;zar-Bru
Cr&#xED;ticas generales a la teor&#xED;a tradicional o cl&#xE1;sica
*La teor&#xED;a de la autonom&#xED;a de la acci&#xF3;n
Pol&#xE9;mica entre Windscheid y Muther
Tesis de Wach
Tesis de Chiovenda
Tesis de Degenkolb
Tesis de Alfredo Rocco
Tesis de Ugo Rocco
Tesis de Kohler
Tesis de Coviello
Nuestra opini&#xF3;n
Estructura de la pretensi&#xF3;n procesal, seg&#xFA;n Guasp
*Elementos de la acci&#xF3;n
Seg&#xFA;n la teor&#xED;a tradicional
Seg&#xFA;n algunas teor&#xED;as modernas
*Clasificaci&#xF3;n de la acci&#xF3;n
Las clasificaciones tradicionales
Clasificaciones modernas

Sgunda parte: La jurisdicci&#xF3;n
*Doctrinas sobre la naturaleza de la jurisdicci&#xF3;n
Planteamiento del problema
Distintas teor&#xED;as que se han expuesto para definir el concepto
*Clasificaciones de la jurisdicci&#xF3;n
Propia y delegada
Federal y com&#xFA;n
Contenciosa y voluntaria
Jurisdicci&#xF3;n ordinaria, la especial y la excepcional
*Los &#xF3;rganos jurisdiccionales
Clasificaciones de los juzgadores
Distintos sistemas de nombramiento de los juzgadores
garant&#xED;as de la independencia funcional de los juzgadores
Capacidad del &#xF3;rgano jurisdiccional
Auxiliares de la administraci&#xF3;n de justicia

Tercera paret: El proceso
*Las teor&#xED;as que se han expuesto para explicar la naturaleza jur&#xED;dica del proceso
Teor&#xED;as publicistas
Opini&#xF3;n que sustentamos
Concepto de proceso, de procedimiento, de litigio, de juicio, de causa y de instancia
* Los equivalentes jurisdiccionales
Seg&#xFA;n Carnelutti
La autodefensa
La autocomposici&#xF3;n
*Clasificaciones de los procesos
Por la materia o por lo bienes afectados
Por la existencia o no existencia del contradictorio
Por subordinaci&#xF3;n
Por la acci&#xF3;n ejercitada y por  el procedimiento
Ti&#xF3;s peculiares de proceso penal
*Los principios que regulan el proceso
El de igualdad
El de disposici&#xF3;n
El de econom&#xED;a
El de probidad
El de publicidad
El de preclusi&#xF3;n
El de concentraci&#xF3;n
El de inmediaci&#xF3;n
El de adquisici&#xF3;n procesal
El de congruencia de la sentencia
*Los elementos del proceso
Las partes
El objetivo y la causa
* Lor procedimientos judiciales y las fases procesales
Los procedimietnos judiciales
Las fases procesales

Cuarta parte: Panorama del procedimiento procesal
*Las actuaciones judiciales
Clasificaci&#xF3;n de couture
Clasificaci&#xF3;n de las resoluciones judiciales
Forma de las actuaciones judiciales, y tiempo en que deben practicarse
*La fase de fijaci&#xF3;n de la litis
La demanda
Resoluciones que el juzgador puede dictar en relaci&#xF3;n con la demanda
Notificaci&#xF3;n, traslado y emplazamiento
Clases de notificaci&#xF3;n
Actitudes que puede adoptar el demandado frente a la demanda
Clases de Litis
*La fase probatoria
Generalidades de la prueba
Peri&#xF3;do de ofrecimiento de pruebas
Per&#xED;odo de admisi&#xF3;n o rechazo de pruebas
Per&#xED;odo de preparaci&#xF3;n de las pruebas
Per&#xED;odo de recepci&#xF3;n de las pruebas
*La fase conclusiva
Los alegatos y las conclusiones
Las conclusiones en el proceso penal
*La fase decisoria (la sentencia definitiva)
Concepto de sentencia definitiva y requisito de &#xE9;sta
Sistemas de valoraci&#xF3;n de las pruebas
Efectos de la sentencia definitiva
La sentencia ejecutoria
La cosa juzgada
*La fase impugnativa
La propiamente tal
La apelaci&#xF3;n
Otros recursos
*Formas anormales de terminar el proceso
El desistimiento
La caducidad de la instancia
El convenio y la transacci&#xF3;n
La conciliaci&#xF3;n y la reconciliaci&#xF3;n</subfield>
  </datafield>
  <datafield tag="519" ind1=" " ind2=" ">
    <subfield code="a">Material complementario /</subfield>
    <subfield code="d">(04 000701)</subfield>
  </datafield>
  <datafield tag="650" ind1="1" ind2="4">
    <subfield code="a">PROCEDIMIENTO CIVIL</subfield>
    <subfield code="9">8274</subfield>
  </datafield>
  <datafield tag="942" ind1=" " ind2=" ">
    <subfield code="c">LB</subfield>
  </datafield>
  <datafield tag="952" ind1=" " ind2=" ">
    <subfield code="0">0</subfield>
    <subfield code="1">0</subfield>
    <subfield code="4">0</subfield>
    <subfield code="7">0</subfield>
    <subfield code="a">04</subfield>
    <subfield code="b">04</subfield>
    <subfield code="d">2007-06-08</subfield>
    <subfield code="l">1</subfield>
    <subfield code="o">KB425 D67 2004</subfield>
    <subfield code="p">04 000701</subfield>
    <subfield code="r">2016-06-22</subfield>
    <subfield code="s">2016-06-21</subfield>
    <subfield code="t">1</subfield>
    <subfield code="w">2012-06-24</subfield>
    <subfield code="y">LB</subfield>
  </datafield>
  <datafield tag="999" ind1=" " ind2=" ">
    <subfield code="c">61819</subfield>
    <subfield code="d">61819</subfield>
  </datafield>
</record>
